Movies Quiz

Random Movies or Role Quiz

Bond Girl: Real or Fake? Quiz Stats

Quiz Updated Apr 10, 2016

Also try: 007 In Other Words
Challenge
Share
Tweet
Embed
Score 0/44 Timer 03:00
0 Plays Today
Bond Girl 'R' or 'F' % Correct
Pussy Galore???
88.1%
Octopussy???
85.8%
Honey Ryder???
83.5%
Vesper Lynd???
82.8%
Christmas Jones???
81.8%
Holly Goodhead???
80.1%
Solitaire???
79.3%
Xenia Onatopp???
78.4%
Elektra King???
76.3%
Miranda Frost???
74%
Wai Lin???
73.7%
Mary Goodnight???
73.7%
Plenty O'Toole???
73%
Tiffany Case???
69.7%
Jane Blondage???
69%
Mandy Bendle???
68.2%
Emma Ginit???
66.8%
Dee Cupperfield???
66.3%
Maria Sunshine???
66.1%
Thumper???
65.9%
Lisa Lovler???
65.5%
Celia Rocket???
65.5%
Bond Girl 'R' or 'F' % Correct
Strawberry Fields???
64.8%
Kissy Suzuki???
64.3%
Eva Forple???
63.6%
Maud Riggler???
63.2%
Candy Gloss???
62.1%
Melanie Malestrom???
61.6%
Rosie Koster???
61.6%
Angela Heavenly???
61%
Maxie Horne???
60.9%
Tao Chi Fee Li???
60.3%
Amanda Love???
60.2%
Gracie Stringer???
58.3%
Fiona Volpe???
58%
Tanya Bodie???
57%
Bibi Dahl???
53.1%
Miss Caruso???
51.5%
Tess Volga???
50.7%
Penny Lane???
49.9%
Jenny Flex???
43.1%
Penelope Smallbone???
42.5%
Chew Mee???
41.5%
Molly Warmflash???
34.1%

You're not logged in!

Compare scores with friends on all Sporcle quizzes.
Join for Free
OR
Log In

You Might Also Like...

Show Comments

Extras

Top Quizzes Today


Score Distribution

Your Account Isn't Verified!

In order to create a playlist on Sporcle, you need to verify the email address you used during registration. Go to your Sporcle Settings to finish the process.

Report this User

Report this user for behavior that violates our Community Guidelines.

Details: